MARC

LEADER 00000nam0a2200000 4500
001 214997
005 20231101225933.0
010 |a 0582419816 
035 |a (RuTPU)RU\TPU\book\234891 
090 |a 214997 
100 |a 20120503d1999 m y0engy50 ba 
101 0 |a eng 
102 |a GB 
105 |a a z 000ay 
200 1 |a The Full Monty  |f W. Holden 
210 |a Harlow  |c Longman  |d 1999 
215 |a 75 p.  |c il. 
225 1 |a Penguin Readers  |v Level 4 
606 1 |a Английский язык  |x Учебные руководства и пособия  |x Хрестоматии, книги для чтения  |2 stltpush  |3 (RuTPU)RU\TPU\subj\29075  |9 52487 
610 1 |a английская литература 
610 1 |a мужчины 
610 1 |a взаимопонимание 
610 1 |a дружба 
610 1 |a романы 
610 1 |a киносценарии 
686 |a Ш143.21-923.8  |v LBC/SL-A  |2 rubbk 
700 1 |a Holden  |b W.  |g Wendy 
801 1 |a RU  |b 63413507  |c 20120503 
801 2 |a RU  |b 63413507  |c 20120516  |g RCR 
942 |c BK